Races porcines françaises - Statistiques

Statistiques générales
  • Ce quiz a été pris 19 fois
  • Le résultat moyen est 5 sur 12
Statistiques - réponses
Par images Réponse % Correct
Large white
94%
Piétrain
65%
Duroc
59%
Gascon
59%
Cul Noir Limousin
53%
Landrace Français
47%
Mei-Shan
35%
Créole de Guadeloupe
29%
Pie Noir du Pays Basque
29%
Porc Blanc de l'Ouest
29%
Nustrale
18%
Porc de Bayeux
12%
Aucun quiz correspondant
Distribution des résultats
% des personnes avec chaque résultat
Percentile par nombre de réponses
Votre historique - résultats
Vous n’avez pas pris ce quiz